| 000 | 01098cam a2200313 a 4500 | ||
|---|---|---|---|
| 001 | 17383889 | ||
| 003 | PILC | ||
| 005 | 20160309163736.0 | ||
| 008 | 120712s2013 enka b 001 0 eng | ||
| 010 | _a 2012027619 | ||
| 020 | _a9780415522076 (hardback) | ||
| 020 | _a9780415522595 (pbk.) | ||
| 020 | _a9780203078495 (ebook) | ||
| 040 |
_aDLC _cDLC |
||
| 042 | _apcc | ||
| 050 | 0 | 0 |
_aHN 49.C6 _b.L465 2013 |
| 082 | 0 | 0 | _a306.44/9 |
| 100 | 1 | _aLennie, June. | |
| 245 | 1 | 0 |
_aEvaluating communication for development : _ba framework for social change / _cJune Lennie and Jo Tacchi. |
| 260 |
_aMilton Park, Abingdon, Oxon ; _aNew York : _bRoutledge, _c2013. |
||
| 300 |
_axvi, 189 pages : _billustrations ; _c26 cm. |
||
| 500 | _aIncludes bibliographical references and index. | ||
| 650 | 0 |
_aCommunication in community development _xEvaluation. |
|
| 650 | 0 | _aSocial change. | |
| 700 | 1 | _aTacchi, Jo. | |
| 906 |
_a7 _bcbc _corignew _d1 _eecip _f20 _gy-gencatlg |
||
| 942 |
_2lcc _cBK |
||
| 999 |
_c291508 _d291508 |
||